000 00755nam a2200253 a 4500
001 BRCA_5968
005 20190320205300.0
008 110610s1941----mx-a######---#000-0#spa-#
041 _aspa
044 _amx
050 4 _aNK7114
_b.V35 2
_c1941
100 1 _aValle Arizpe, Artemio de
_d1888-1961
_92476
245 1 0 _aNotas de platería
_cArtemio de Valle Arizpe.
260 _aMéxico
_bPolis
_c1941
300 _a645 p.
_bil. (algunas a color), 126 láminas
_c28 cm.
500 _aG90
500 _aVer también AM49 e Y45 (2a ed.)
500 _aCon ex-libris de : Artemio de Valle Arizpe
504 _aBibliografía: p. 633-640
650 1 4 _aPlatería
_zMéxico
_93073
650 1 4 _aOrfebrería
_zMéxico
_915071
902 _aGFM
942 _2lcc
_cB
999 _c5657
_d5657